[Event "HUN-chT1"]
[Site "HUN"]
[Date "1995.??.??"]
[Round "?"]
[White "Barczay, Laszlo"]
[Black "Rovid, Kalman"]
[Result "1-0"]
[WhiteElo "2400"]
[BlackElo "2385"]

1.e4 c5 2.Nf3 Nc6 3.Nc3 e6 4.g3 d5 5.d3 d4 6.Ne2 e5 7.Bg2 Bd6 8.O-O Nge7
9.Nd2 O-O 10.f4 f5 11.exf5 exf4 12.g4 g5 13.Ne4 h6 14.Nxd6 Qxd6 15.Nxf4 gxf4
16.Bxf4 Qf6 17.Qd2 Ne5 18.g5 hxg5 19.Bxg5 Qd6 20.Bxe7 Qxe7 21.f6 Qh7 22.Qg5+ Qg6
23.f7+ Rxf7 24.Qxg6+ Nxg6 25.Bd5 Nh8 26.Rxf7 Nxf7 27.Rf1 Kg7 28.Rxf7+ Kg6
29.Rf8  1-0

[Event "HUN-chT2 9495"]
[Site "HUN"]
[Date "1995.??.??"]
[Round "?"]
[White "Adzic, Slobodan"]
[Black "Gosztola, Istvan"]
[Result "0-1"]
[WhiteElo "2295"]
[BlackElo "2285"]

1.e4 c5 2.Nf3 Nc6 3.Nc3 Nf6 4.g3 d6 5.Bg2 e5 6.O-O a6 7.d3 Be7 8.Bg5 Be6
9.h3 Qd7 10.Kh2 h6 11.Bxf6 Bxf6 12.Nd5 Bd8 13.Nd2 O-O 14.f4 exf4 15.Nxf4 Rb8
16.Nc4 b5 17.Ne3 Bf6 18.c3 b4 19.Nfd5 Be5 20.Nf5 bxc3 21.bxc3 Bxd5 22.exd5 Ne7
23.Nxe7+ Qxe7 24.d4 cxd4 25.cxd4 Bf6 26.Qg4 Rfe8 27.Rf2 Rb4 28.Rd1 g6 29.h4 h5
30.Qf4 Be5 31.Qf3 Bxd4 32.Rc2 Rb2 33.Rxb2 Bxb2 34.Bf1 Be5 35.Kg2 Rb8 36.Rd2 a5
37.a4 Rb4 38.Kh3 Qd7+ 39.Kh2 Rxh4+  0-1

[Event "Papp Bela mem"]
[Site "HUN"]
[Date "1995.??.??"]
[Round "?"]
[White "Boros, Daniel"]
[Black "Schlusnik, Nandor"]
[Result "1/2-1/2"]
[WhiteElo "2325"]
[BlackElo "2230"]

1.e4 c5 2.Nc3 Nc6 3.Nge2 g6 4.g3 Bg7 5.Bg2 d6 6.d3 e6 7.Be3 Nd4 8.O-O Ne7
9.Qd2 O-O 10.f4 f5 11.Rae1 Rb8 12.Nd1 b5 13.c3 Nxe2+ 14.Qxe2 b4 15.e5 Rf7
16.d4 dxe5 17.dxe5 Qa5 18.Rf2 Ba6 19.Qc2 Bf8 20.Rd2 Nc8 21.b3 c4 22.bxc4 Bxc4
23.Bd4 Bc5 24.Kh1 Kg7 25.Ne3 b3 26.axb3 Bxb3 27.Qc1 Rc7 28.Qa1 Qb6 29.Rb1 Bxd4
30.Rxd4 Qc5 31.Nc4 Kh6 32.g4 fxg4 33.Ne3 Ne7 34.Nxg4+ Kg7 35.Nf6 Qxc3 36.Qxc3 Rxc3
37.Rd7 Kf7 38.Ne4 Rc2 39.Nd6+ Kf8 40.Be4 Re2 41.Rxa7 Nf5 42.Rxh7 Kg8 43.Rc7 Nh4
44.Kg1 Rb4 45.Rc3 Rbxe4 46.Nxe4 Rxe4 47.Rbc1 Rxf4 48.Rc6 Nf3+ 49.Kg2 Nd4
50.Rc8+ Kg7 51.R8c7+ Kh6 52.R1c3 Rg4+ 53.Kf1 Kg5 54.Rh7 Rf4+ 55.Kg2 Rg4+
56.Kf2 Rf4+ 57.Kg2 Rg4+  1/2-1/2

[Event "HUN-chT1"]
[Site "HUN"]
[Date "1995.??.??"]
[Round "?"]
[White "Kiss, Laszlo"]
[Black "Tompa, Janos"]
[Result "0-1"]
[WhiteElo "2270"]
[BlackElo "2450"]

1.e4 c5 2.Nc3 Nc6 3.Nge2 d6 4.d4 cxd4 5.Nxd4 e6 6.Be2 Nf6 7.O-O Be7 8.Be3 O-O
9.Kh1 a6 10.f4 Bd7 11.f5 b5 12.a3 Qc7 13.Qe1 Nxd4 14.Bxd4 Bc6 15.fxe6 fxe6
16.e5 dxe5 17.Qg3 Bd6 18.Be3 e4 19.Qh3 Rae8 20.Rad1 Be5 21.Bd4 Bxd4 22.Rxd4 Qe5
23.Rfd1 e3 24.R4d3 Nd5 25.Nxd5 exd5 26.c3 Rf2 27.Qg4 h5  0-1

[Event "HUN-chT1 9596"]
[Site "HUN"]
[Date "1995.??.??"]
[Round "1"]
[White "Gazik, Igor"]
[Black "Kiss, Attila"]
[Result "1-0"]
[WhiteElo "2385"]
[BlackElo "2390"]

1.e4 c5 2.Nf3 Nc6 3.Nc3 d6 4.d4 cxd4 5.Nxd4 Nf6 6.Bg5 e6 7.Qd2 Be7 8.O-O-O O-O
9.f3 a6 10.g4 Nxd4 11.Qxd4 b5 12.h4 Qa5 13.Kb1 b4 14.Ne2 e5 15.Qd2 Be6 16.Nc1 Rfd8
17.Bxf6 Bxf6 18.g5 Be7 19.Bh3 Bxh3 20.Rxh3 Rac8 21.Rh2 Qb5 22.Nb3 d5 23.exd5 a5
24.Qd3 Qb6 25.Re2 a4 26.Nd2 h6 27.Rxe5 Bf8 28.Re2 Rc5 29.Nc4 Qb5 30.Ne3 Qb7
31.gxh6 g6 32.h5 Bxh6 33.hxg6 Bg7 34.Nf5 Rcxd5 35.Ne7+ Qxe7 36.Rxe7 Rxd3
37.Rxd3 Rxd3 38.cxd3 fxg6 39.Kc2  1-0

[Event "HUN-chT1 9596"]
[Site "HUN"]
[Date "1995.??.??"]
[Round "2"]
[White "Farago, Sandor"]
[Black "Turzo, Attila"]
[Result "1/2-1/2"]
[WhiteElo "2360"]
[BlackElo "2265"]

1.e4 c5 2.Nf3 Nc6 3.Nc3 d6 4.d4 cxd4 5.Nxd4 Nf6 6.Be2 g6 7.Be3 Bg7 8.h3 O-O
9.Qd2 Nxd4 10.Bxd4 Be6 11.O-O Qa5 12.Qe3 Nd7 13.Bxg7 Kxg7 14.Rad1 Rac8 15.Rd4 Qb6
16.Na4 Qc6 17.Rc1 Ne5 18.b3 b5 19.Nb2 Qb6 20.c4 Rc7 21.f4 Nc6 22.Rd3 Nb4
23.Qxb6 axb6 24.Rd2 Nxa2 25.Ra1 Nc3 26.Bd3 f5 27.exf5 Bxf5 28.cxb5 Bxd3 29.Nxd3 Nxb5
30.Ra6 Rb8 31.Nb4 e6 32.g4 Kf7 33.Kh2 Ke8 34.f5 gxf5 35.gxf5 exf5 36.Nd5 Rcb7
37.Ra4 Rf7 38.Rb4 Na7 39.Rxb6 Rxb6 40.Nxb6 Ke7 41.Nc4 Nc8 42.Kg3 Ke6 43.Kf4 Rf8
44.b4 d5 45.Ne5 Ne7 46.Ra2 d4 47.Ra6+ Kd5 48.Ra5+ Kd6  1/2-1/2

[Event "HUN-chT1 9596"]
[Site "HUN"]
[Date "1995.??.??"]
[Round "3"]
[White "Madl, Ildiko"]
[Black "Csiszar, Csaba"]
[Result "1-0"]
[WhiteElo "2405"]
[BlackElo "2380"]

1.e4 c5 2.Nc3 Nc6 3.Nge2 Nd4 4.f4 e6 5.Nxd4 cxd4 6.Ne2 Qb6 7.Ng3 Bc5 8.Bd3 Nf6
9.O-O g6 10.a3 a5 11.b3 d6 12.Rb1 O-O 13.Kh1 Bd7 14.b4 axb4 15.axb4 d5 16.e5 Ne8
17.Ne2 Be7 18.Bb2 Bb5 19.Bxd4 Qc6 20.Bxb5 Qxb5 21.d3 Ng7 22.Qc1 Rfc8 23.Qb2 Rc7
24.Bf2 Qe8 25.Ra1 Rac8 26.c3 h5 27.Ra7 h4 28.Bb6 Rd7 29.Qa3 h3 30.gxh3 Nf5
31.Nd4 Nh4 32.Ra1 Kg7 33.Ra8 Qh8 34.Rxc8 Qxc8 35.Qb2 Qh8 36.Qe2 Qc8 37.Qd2 Bd8
38.Bxd8 Rxd8 39.Qe1 Rh8 40.Rc1 Rh5 41.Qe2 Qh8 42.Rg1 Qh6 43.Qe3 Kg8 44.c4 dxc4
45.dxc4 Kg7 46.Rd1 Kh7 47.c5 Qf8 48.Qe4 Qa8 49.Nf3 Qa3 50.Ng5+ Kg7 51.Qxb7 Rxg5
52.fxg5 Qxh3 53.Qe4 Kg8 54.c6 Nf5 55.Rg1 Qc3 56.b5 Qc5 57.Rb1 Qb6 58.c7  1-0

[Event "HUN-chT2 9596"]
[Site "HUN"]
[Date "1995.??.??"]
[Round "5"]
[White "Berta, Tibor"]
[Black "Tivolt, Ferenc"]
[Result "1/2-1/2"]
[WhiteElo "2180"]
[BlackElo "2210"]

1.e4 c5 2.Nf3 Nc6 3.Nc3 Nf6 4.d4 cxd4 5.Nxd4 e5 6.Ndb5 h6 7.Nd6+ Bxd6 8.Qxd6 Qe7
9.Qd1 O-O 10.Be2 Nd4 11.O-O d6 12.Be3 Nxe2+ 13.Qxe2 Be6 14.Rad1 Rac8 15.Rfe1 a6
16.f3 Rc4 17.a3 Rfc8 18.Qd3 Ne8 19.Rd2 Qc7 20.Bf2 b5 21.Qe3 Kf8 22.Red1 b4
23.axb4 Rxb4 24.Rb1 a5 25.Qd3 Bc4 26.Qe3 a4 27.Nd1 Rcb8 28.Ra1 Bb5 29.h3 Qc4
30.Ra3 Ba6 31.Kh2 Qf1 32.Qe1 Qb5 33.Qe3 Qf1 34.Qe1  1/2-1/2

[Event "Ikaros op"]
[Site "Ikarios"]
[Date "1995.??.??"]
[Round "7"]
[White "Cela, Altin"]
[Black "Grivas, Efstratios"]
[Result "0-1"]
[WhiteElo "2380"]
[BlackElo "2460"]

1.e4 c5 2.Nf3 Nc6 3.Nc3 e5 4.Bc4 d6 5.d3 Be7 6.O-O h6 7.Ne1 Nf6 8.f4 exf4
9.Bxf4 O-O 10.Nf3 Na5 11.Qd2 Nxc4 12.dxc4 Be6 13.b3 Nh5 14.Bxh6 gxh6 15.Qxh6 Ng7
16.Rad1 Qe8 17.g4 f6 18.h3 Rd8 19.Ne2 Bf7 20.Ng3 Bg6 21.Nh4 Bh7 22.Rd5 Rf7
23.Ng2 Bf8 24.Qd2 Ne6 25.h4 Ng7 26.Rd3 Qd7 27.Ne3 Re8 28.Qg2 Kh8 29.Qf3 Ne6
30.c3 Be7 31.Kh2 Nf8 32.g5 Ng6 33.Qh5 Rg8 34.Ng4 Qe6 35.Nh6 Rfg7 36.Rdf3 Ne5
37.Rxf6 Bxf6 38.Rxf6 Qe8 39.g6 Rxg6 40.Nxg8 Rxg8 41.Qxe8 Rxe8 42.Rxd6 Kg8
43.Kg2 Kf7 44.Kf2 Rg8 45.Nf5 Bxf5 46.exf5 Rg4 47.Ke3 Rxh4 48.Rd5 Kf6 49.Rxc5 Rh7
50.Rc8 Kxf5 51.Kd4 Nc6+ 52.Kd3 Ke6 53.b4 Kd7 54.Ra8 Kc7 55.c5 Rd7+ 56.Kc4 Rd8
57.Rxd8 Nxd8 58.Kd5 Nc6 59.a3 Ne7+ 60.Ke6 Ng6 61.Kd5 Nf4+ 62.Ke4 Ne6 63.Kd5 Kd7
64.b5 Nc7+ 65.Kc4 a6 66.a4 a5 67.Kd4 Ne6+ 68.Kd5 Nd8 69.c6+ Kc7 70.c4 bxc6+
71.bxc6 Nxc6 72.Kc5 Na7 73.Kd5 Kb6 74.Kd6 Nc6 75.c5+ Kb7 76.Kd7 Na7 77.Kd6 Kc8
78.c6  0-1

[Event "Kassel op"]
[Site "Kassel"]
[Date "1995.??.??"]
[Round "7"]
[White "Cohrs, Christopher"]
[Black "Haase, Wolfgang"]
[Result "1/2-1/2"]
[WhiteElo "2245"]
[BlackElo "2055"]

1.e4 c5 2.Nc3 Nc6 3.Nf3 g6 4.g3 Bg7 5.Bg2 d6 6.O-O e6 7.d3 Nge7 8.Be3 Nd4
9.Rb1 Nec6 10.Ne2 Nxf3+ 11.Bxf3 Nd4 12.Bg2 e5 13.c3 Nxe2+ 14.Qxe2 O-O 15.Rfd1 Be6
16.b4 cxb4 17.cxb4 Rc8 18.Rbc1 Qd7 19.Bxa7 Ra8 20.Be3 Rxa2 21.Rd2 Rfa8 22.h4 Qb5
23.Rb1 Ra1 24.Rb2 Rxb1+ 25.Rxb1 Ra2 26.Qd1 d5 27.d4 dxe4 28.dxe5 Qd3 29.Bf4 Bc4
30.Qxd3 Bxd3 31.Rc1 Rc2 32.Rxc2 Bxc2 33.Kf1 Bd3+ 34.Ke1 f5 35.exf6 Bxf6 36.Kd2 Be7
37.Kc3 Bf6+ 38.Kb3 b5 39.f3 Bc4+ 40.Kc2 exf3 41.Bxf3 Kf7 42.Kd2  1/2-1/2

[Event "Katowice op"]
[Site "Katowice"]
[Date "1995.??.??"]
[Round "1"]
[White "Zhelnin, Vladimir V"]
[Black "Mrozek, Przemyslaw"]
[Result "1-0"]
[WhiteElo "2440"]
[BlackElo "2140"]

1.e4 c5 2.Nc3 Nc6 3.Nge2 g6 4.d4 cxd4 5.Nxd4 Bg7 6.Nb3 d6 7.Be2 Nf6 8.O-O O-O
9.Bg5 h6 10.Be3 a6 11.a4 Be6 12.f4 Na5 13.f5 Bxb3 14.cxb3 Rc8 15.Rc1 Nc6
16.Kh1 Ne5 17.b4 Kh7 18.Qb3 Qd7 19.b5 axb5 20.Bxb5 Nc6 21.Nd5 Rb8 22.Qc2 Ng4
23.Bg1 Nge5 24.Rcd1 Rfd8 25.Qe2 Qe8 26.a5 Qh8 27.Bb6 Rdc8 28.Qf2 Ng4 29.Qh4 Nge5
30.f6 exf6 31.Nxf6+ Bxf6 32.Rxf6 Qf8 33.Rfxd6 g5 34.Qh3 Ng6 35.Qf5 Re8 36.Bxc6 bxc6
37.Rxg6 fxg6 38.Rd7+ Qe7 39.Rxe7+ Rxe7 40.Qf3 Rbe8 41.h3  1-0

[Event "Katowice op"]
[Site "Katowice"]
[Date "1995.??.??"]
[Round "7"]
[White "Zhelnin, Vladimir V"]
[Black "Zowada, Kazimierz"]
[Result "1-0"]
[WhiteElo "2440"]
[BlackElo "2255"]

1.e4 c5 2.Nc3 Nc6 3.Nge2 g6 4.d4 cxd4 5.Nxd4 Bg7 6.Nb3 d6 7.Be2 Nf6 8.O-O O-O
9.Bg5 h6 10.Be3 a6 11.a4 b6 12.Nd5 Nxd5 13.exd5 Ne5 14.Bd4 g5 15.c4 a5 16.Qd2 e6
17.Qe3 Rb8 18.dxe6 Bxe6 19.Nd2 Re8 20.Qc3 f6 21.Qb3 Bf7 22.Rfe1 Re7 23.Rad1 Qe8
24.Bf1 Kh8 25.Re3 Qc6 26.Qa3 Rbe8 27.c5 Rd8 28.cxb6 Qc2 29.Qa1 Bh5 30.f3 g4
31.Ne4 Qc8 32.Ng3 Be8 33.f4 Nc6 34.Rxe7 Nxe7 35.b4 Nd5 36.bxa5 Qc2 37.Rc1 Qd2
38.b7 Qxa5 39.Qb2 Nb4 40.Rc7 Nc6 41.Rxc6 Bxc6  1-0

[Event "Kavala op"]
[Site "Kavala"]
[Date "1995.??.??"]
[Round "4"]
[White "Cela, Altin"]
[Black "Gogolis, Alexandros"]
[Result "1-0"]
[WhiteElo "2380"]
[BlackElo "2265"]

1.e4 c5 2.Nf3 Nc6 3.Nc3 d6 4.d4 cxd4 5.Nxd4 e5 6.Nde2 h6 7.g3 Nf6 8.Bg2 Be7
9.O-O O-O 10.h3 b6 11.Be3 Bb7 12.Qd2 Na5 13.b3 Rc8 14.Rac1 Ba6 15.Rfd1 Qc7
16.Qe1 Nb7 17.g4 Nc5 18.Ng3 Ne6 19.Nf5 Rfe8 20.Ne2 Bf8 21.c4 Bb7 22.Nc3 Qd8
23.f3 g6 24.Nxh6+ Bxh6 25.Bxh6 g5 26.h4 Nh7 27.Nb5 gxh4 28.Nxd6 Qf6 29.Qe3 Nhg5
30.Bxg5 Nxg5 31.Nxb7 Re6 32.Nd6 Rxd6 33.Rxd6 Qxd6 34.Qxg5+ Kf8 35.Qxh4 Qc5+  1-0

[Event "Kavala op"]
[Site "Kavala"]
[Date "1995.??.??"]
[Round "7"]
[White "Cela, Altin"]
[Black "Tsorbatzoglou, Theodoros"]
[Result "1-0"]
[WhiteElo "2380"]
[BlackElo "2310"]

1.e4 c5 2.Nf3 Nc6 3.Nc3 g6 4.d4 cxd4 5.Nxd4 Bg7 6.Be3 Nf6 7.Be2 O-O 8.Nb3 a5
9.a4 Nb4 10.O-O d5 11.e5 Ne4 12.f4 Nxc3 13.bxc3 Nc6 14.Bf3 e6 15.Qe2 b6 16.Qf2 Rb8
17.Rab1 Ba6 18.Rfe1 Qc7 19.Nd2 d4 20.cxd4 Nb4 21.Ne4 Qxc2 22.Qh4 Nd5 23.Rbc1 Qxa4
24.f5 Nxe3 25.Rxe3 Rfd8 26.d5 Qb4 27.dxe6 gxf5 28.Nf6+ Bxf6 29.Qxf6 Qd4 30.Qg5+ Kh8
31.Qf6+ Kg8 32.exf7+ Kf8 33.Qh8+ Ke7 34.Rc7+ Rd7 35.Rxd7+ Qxd7 36.Qxb8  1-0

[Event "Kemerovo2"]
[Site "Kemerovo"]
[Date "1995.??.??"]
[Round "9"]
[White "Kupreichik, Viktor D"]
[Black "Mikhailov, V."]
[Result "1-0"]
[WhiteElo "2525"]
[BlackElo "2355"]

1.e4 c5 2.Nf3 Nc6 3.Nc3 g6 4.d4 cxd4 5.Nxd4 Bg7 6.Nb3 Nf6 7.Be2 O-O 8.O-O d6
9.Bg5 a6 10.Re1 b5 11.Bf1 Re8 12.a4 b4 13.Nd5 Nd7 14.Rb1 Bb7 15.Qd2 a5 16.Bb5 Nf8
17.c3 Ne6 18.Be3 Nc5 19.Bxc5 dxc5 20.Nxc5 Qb8 21.cxb4 e6 22.Nb6  1-0

[Event "Kemerovo2"]
[Site "Kemerovo"]
[Date "1995.??.??"]
[Round "13"]
[White "Kupreichik, Viktor D"]
[Black "Permiakov, Vladimir"]
[Result "1-0"]
[WhiteElo "2525"]
[BlackElo "2330"]

1.e4 c5 2.Nf3 Nc6 3.Nc3 e5 4.Bc4 d6 5.d3 Be7 6.O-O Nf6 7.Ng5 O-O 8.f4 exf4
9.Bxf4 Na5 10.Qd2 Nxc4 11.dxc4 Nh5 12.Be3 Bf6 13.Qd5 g6 14.Nb5 Bxg5 15.Bxg5 Be6
16.Qd2 f6 17.Bh6 Bxc4 18.Nxd6 Bxf1 19.Qd5+ Kh8 20.Bxf8 Qxf8 21.Rxf1 Qe7 22.g4 Ng7
23.Qxb7  1-0

[Event "Kiekrz op"]
[Site "Kiekrz"]
[Date "1995.??.??"]
[Round "4"]
[White "Van der Vorm, Teun"]
[Black "Kummer, Helmut"]
[Result "1-0"]
[WhiteElo "2405"]
[BlackElo "2290"]

1.e4 c5 2.Nc3 Nc6 3.Nge2 g6 4.d4 cxd4 5.Nxd4 Bg7 6.Be3 d6 7.Qd2 Nf6 8.f3 O-O
9.Bc4 Bd7 10.h4 h5 11.O-O-O Rc8 12.Bb3 Ne5 13.Bg5 Qa5 14.Kb1 Rfe8 15.Bxf6 exf6
16.Nd5 Qxd2 17.Rxd2 a6 18.Nb6 Rc7 19.Ne2 Rc6 20.Nxd7 Nxd7 21.Rhd1 Bf8 22.Nc3 Nc5
23.Bd5 Rc7 24.g4 Bh6 25.Rg2 hxg4 26.Rxg4 Kh7 27.h5 Re5 28.Bxf7 gxh5 29.Bg6+ Kh8
30.Rh4 Bf8 31.f4 Re6 32.Rxh5+ Kg8 33.Nd5 Rc6 34.Rg1 Bg7 35.Bf5 Re8 36.Nxf6+  1-0

[Event "Klatovy op"]
[Site "Klatovy"]
[Date "1995.??.??"]
[Round "5"]
[White "Folk, Petr"]
[Black "Bibik, Jura"]
[Result "1-0"]
[WhiteElo "2295"]
[BlackElo "2230"]

1.e4 c5 2.Nc3 Nc6 3.Nge2 g6 4.d4 cxd4 5.Nxd4 Bg7 6.Be3 Nf6 7.Nb3 O-O 8.Be2 d6
9.O-O Be6 10.f4 Na5 11.Nd4 Bc4 12.Bd3 e5 13.Nb3 Bxd3 14.Qxd3 Ng4 15.Nxa5 Qxa5
16.f5 Rfd8 17.Kh1 Rac8 18.Nd5 Nxe3 19.Nxe3 Qa4 20.c3 Rd7 21.Nd5 Qa5 22.Rf2 Re8
23.b4 Qd8 24.Raf1 gxf5 25.Rxf5 Re6 26.Qf3 Qe8 27.Qh3 Qd8 28.Rxf7 Qe8 29.R7f5 Rg6
30.Qf3 b6 31.h3 b5 32.Kh2 Re6 33.Qe2 Rb7 34.Qg4 Rg6 35.Qh4 Rh6 36.Qxh6 Bxh6
37.Nf6+ Kf7 38.Nxe8+ Kxe8 39.Rf6 Bf4+ 40.g3 Bd2  1-0

[Event "Kranj opJ rapid"]
[Site "Kranj"]
[Date "1995.??.??"]
[Round "6"]
[White "Radic, V."]
[Black "Zaletelj, A."]
[Result "0-1"]
[WhiteElo "1665"]
[BlackElo "1845"]

1.e4 c5 2.Nf3 Nc6 3.Nc3 g6 4.Bc4 Bg7 5.O-O d6 6.Re1 Bg4 7.Be2 Qc7 8.Nd5 Qd7
9.d3 Nf6 10.Nxf6+ Bxf6 11.Bg5 Bxf3 12.Bxf6 Bxe2 13.Qxe2 exf6 14.f4 O-O 15.f5 Rfe8
16.Qf3 Ne5 17.Qg3 Kg7 18.c3 Qb5 19.d4 cxd4 20.cxd4 Qb6 21.Kh1 Nd7 22.b3 Qxd4
23.Rad1 Qe5 24.Qg4 Nc5 25.Rd5 Qxd5  0-1

[Event "Kuopio op1"]
[Site "Kuopio"]
[Date "1995.??.??"]
[Round "?"]
[White "Kuporosov, Viktor"]
[Black "Yrjola, Jouni"]
[Result "1-0"]
[WhiteElo "2500"]
[BlackElo "2440"]

1.e4 c5 2.Nc3 Nc6 3.Nf3 g6 4.Bb5 Bg7 5.O-O d6 6.d3 Bd7 7.Re1 Nf6 8.Bxc6 Bxc6
9.e5 dxe5 10.Nxe5 Rc8 11.Qe2 Nd7 12.Nc4 Nb6 13.Bg5 f6 14.Be3 Na4 15.Nxa4 Bxa4
16.b3 Bb5 17.a4 Ba6 18.Bd2 Rc6 19.Bc3 e6 20.f4 O-O 21.Qf2 b6 22.Re2 Bb7 23.Rae1 Qd5
24.Ne3 Qd7 25.Qh4 Qf7 26.Ng4 h5 27.Nf2 Rd6 28.h3 a6 29.Ne4 Rd5 30.Qf2 a5
31.Qg3 Re8 32.f5 Rxf5 33.Nd6 Rg5 34.Qxg5 fxg5 35.Nxf7 Bxc3 36.Nd6 Bxe1 37.Nxe8 Bc3
38.Rxe6 Kf7 39.Rxb6 Bd4+ 40.Kf1  1-0

[Event "La Coruna TH op"]
[Site "La Coruna"]
[Date "1995.??.??"]
[Round "8"]
[White "Suarez, Diego"]
[Black "Del Rey, Diego"]
[Result "1-0"]
[WhiteElo "2265"]
[BlackElo "2340"]

1.e4 c5 2.Nc3 Nc6 3.Nge2 g6 4.d4 cxd4 5.Nxd4 Bg7 6.Be3 Nf6 7.Bc4 d6 8.f3 O-O
9.Qd2 Bd7 10.O-O-O Rc8 11.Bb3 Na5 12.h4 Nc4 13.Bxc4 Rxc4 14.h5 Qa5 15.Kb1 Rfc8
16.hxg6 fxg6 17.Nb3 Qd8 18.g4 Be6 19.Qh2 Qe8 20.Bg5 Qf7 21.Rd2 Rxc3 22.bxc3 Bh8
23.Qf4 Rxc3 24.Rhd1 Rc4 25.Rd4 Rxd4 26.Nxd4 Bxa2+ 27.Kc1 e5 28.Qg3 exd4 29.Qxd6 Nd7
30.f4 Nf8 31.e5 Ne6 32.Be7 Qxf4+ 33.Kb2 Bxe5 34.Qd7 d3+ 35.Kxa2 Qc4+ 36.Ka3 Qc3+
37.Ka4 Qxc2+ 38.Kb4 Qb2+ 39.Kc4 Qc2+ 40.Kd5 Qxd1 41.Qxe6+ Kg7 42.Qxe5+  1-0

[Event "Las Palmas op"]
[Site "Las Palmas"]
[Date "1995.??.??"]
[Round "4"]
[White "Mitkov, Nikola"]
[Black "Villavicencio, Adalberto"]
[Result "1-0"]
[WhiteElo "2470"]
[BlackElo "2310"]

1.e4 c5 2.Nc3 Nc6 3.Nf3 d6 4.d4 cxd4 5.Nxd4 Nf6 6.Bc4 Qb6 7.Ndb5 a6 8.Be3 Qa5
9.Nd4 Ng4 10.Nxc6 bxc6 11.Bd2 Qc5 12.Qe2 Ne5 13.Bb3 a5 14.Na4 Qa7 15.f4 Ba6
16.c4 Ng6 17.Be3 Qb7 18.O-O e6 19.f5 Ne5 20.fxe6 fxe6 21.Bd4 Nf7 22.e5 d5
23.Qg4 Nd8 24.Rac1 Rc8 25.Bb6 Qe7 26.Rf2  1-0

[Event "Las Palmas op"]
[Site "Las Palmas"]
[Date "1995.??.??"]
[Round "9"]
[White "Rodriguez Lopez, Rafael"]
[Black "Castellano, Jose"]
[Result "0-1"]
[WhiteElo "2315"]
[BlackElo "2175"]

1.e4 c5 2.Nf3 Nc6 3.Nc3 d6 4.d4 cxd4 5.Nxd4 Nf6 6.f3 e6 7.Be3 Be7 8.Qd2 O-O
9.g4 a6 10.O-O-O Qc7 11.g5 Nd7 12.h4 b5 13.Kb1 Bb7 14.g6 Nxd4 15.gxh7+ Kh8
16.Bxd4 b4 17.Ne2 d5 18.exd5 Bxd5 19.Rg1 e5 20.Be3 Rfd8 21.Bh6 Nf6 22.Bxg7+ Kxh7
23.Qh6+  0-1

[Event "Las Vegas op"]
[Site "Las Vegas"]
[Date "1995.??.??"]
[Round "3"]
[White "Huber, Gregory"]
[Black "Gurevich, Dmitry"]
[Result "0-1"]
[WhiteElo "2250"]
[BlackElo "2530"]

1.e4 c5 2.Nc3 Nc6 3.Nge2 g6 4.g3 Bg7 5.Bg2 d6 6.d3 e6 7.Be3 Nd4 8.O-O Ne7
9.Qd2 O-O 10.Nd1 Nxe2+ 11.Qxe2 b6 12.Re1 Bb7 13.Qd2 e5 14.f4 Qd7 15.c4 exf4
16.Bxf4 Nc6 17.Nc3 Nd4 18.Rf1 Rae8 19.Rae1 h5 20.Bh6 Re5 21.Bxg7 Kxg7 22.Qf4 Qe7
23.Rf2 a6 24.Ref1 f6 25.h4 b5 26.b3 Bc6 27.Kh1 a5 28.Nd5 Bxd5 29.cxd5 b4
30.Kh2 Qd7 31.Bh3 Qb5 32.Qe3 a4 33.bxa4 Qxa4 34.g4 hxg4 35.Bxg4 Qe8 36.Qg3 g5
37.Bh3 Qh5 38.Qg4 Qxg4 39.Bxg4 gxh4 40.Kh3 Rg5 41.Kxh4 Rh8+ 42.Kg3 Rh6 43.Rg1 Rxg4+  0-1

[Event "Lazne Bohdanec"]
[Site "Lazne Bohdanec"]
[Date "1995.??.??"]
[Round "3"]
[White "Keitlinghaus, Ludger"]
[Black "Babula, Vlastimil"]
[Result "1/2-1/2"]
[WhiteElo "2495"]
[BlackElo "2530"]

1.e4 c5 2.Nc3 Nc6 3.Bb5 Nd4 4.Nf3 g6 5.Nxd4 cxd4 6.Ne2 Qa5 7.c4 Nf6 8.e5 Ng4
9.e6 fxe6 10.Nxd4 Nxf2 11.Qe2 Nxh1 12.Qe5 Kf7 13.b4 Qxb4 14.Qxh8 Bg7 15.Qxh7 a6
16.Ke2 axb5 17.Bb2 Ng3+ 18.hxg3 Kf8 19.Nxe6+ dxe6 20.Qxg7+ Ke8 21.Qxg6+ Kd8
22.Be5 Qxc4+ 23.Qd3+ Bd7 24.Qxc4  1/2-1/2

[Event "Lazne Bohdanec"]
[Site "Lazne Bohdanec"]
[Date "1995.??.??"]
[Round "5"]
[White "Jansa, Vlastimil"]
[Black "Babula, Vlastimil"]
[Result "0-1"]
[WhiteElo "2525"]
[BlackElo "2530"]

1.e4 c5 2.Nc3 Nc6 3.Nge2 d6 4.d4 cxd4 5.Nxd4 Nf6 6.Bg5 e6 7.Qd2 Be7 8.O-O-O O-O
9.Nb3 Qb6 10.f3 a6 11.Bxf6 Bxf6 12.Qxd6 Rd8 13.Qc5 Rxd1+ 14.Kxd1 Qc7 15.Qe3 b5
16.f4 b4 17.Na4 e5 18.f5 Nd4 19.Bd3 Bd7 20.Nac5 Bb5 21.Qd2 Nc6 22.Kc1 Be7
23.h4 Qa7 24.Bxb5 axb5 25.Nd3 Qxa2 26.Kd1 Rd8 27.Ke2 Nd4+ 28.Nxd4 Rxd4 29.Qe3 Qc4
30.Kf3 Qxc2 31.Nxe5 Rd2 32.Ra1 f6 33.Ra8+ Bf8 34.Qb6 Qb3+ 35.Kg4 Rxg2+ 36.Kh5 Qd1+  0-1

[Event "Lazne Bohdanec"]
[Site "Lazne Bohdanec"]
[Date "1995.??.??"]
[Round "8"]
[White "Keitlinghaus, Ludger"]
[Black "Barbero, Gerardo F"]
[Result "1/2-1/2"]
[WhiteElo "2495"]
[BlackElo "2500"]

1.e4 c5 2.Nc3 Nc6 3.Bb5 Nd4 4.Nf3 g6 5.Nxd4 cxd4 6.Ne2 Bg7 7.O-O Nf6 8.e5 Ng4
9.Nxd4 Nxe5 10.Nf3 Nxf3+ 11.Qxf3 O-O 12.c3 e5 13.Bc4 d6 14.d4 Be6 15.Bxe6 fxe6
16.Qxb7 exd4 17.Qe4 dxc3 18.Qxe6+ Kh8 19.bxc3 Bxc3 20.Rb1 Bd4 21.Be3 Bxe3
22.Qxe3 Qf6 23.Rb7 Rfe8 24.Rxa7 Rxa7 25.Qxe8+ Kg7 26.Qe2 d5 27.g3 d4 28.Rd1 h5
29.h4 Qf7 30.Rd2 d3 31.Qxd3 Rxa2 32.Qd4+ Kh7 33.Rxa2 Qxa2 34.Qd7+ Kg8 35.Qe8+ Kg7
36.Qd7+ Kf6 37.Qb7 Qa1+ 38.Kg2 Qd4 39.Kg1 Qa1+ 40.Kh2 Qa2 41.Kg2 Qc2 42.Qd5 Qb2
43.Qg8 Qb7+ 44.Kh2 Qc7 45.Qh8+ Ke6 46.Kg1 Qc5 47.Qg7 Qc2 48.Qf8 Qb1+ 49.Kg2 Qe4+
50.Qf3 Qc2 51.Qf4 Ke7 52.Qf3 Qb1 53.Kh3 Qf1+ 54.Kh2 Qb1 55.Qf4 Ke6 56.Qf8 Qc2
57.Kg2 Qe4+ 58.Qf3 Qb1 59.Qc6+ Kf7 60.Qd7+ Kf6 61.Qd5 Qa1 62.Qe4 Kf7 63.Kf3 Qd1+
64.Kg2  1/2-1/2

[Event "NLD-ch U26"]
[Site "Leeuwarden"]
[Date "1995.??.??"]
[Round "4"]
[White "Kroeze, Frank M"]
[Black "Reinderman, Dimitri"]
[Result "0-1"]
[WhiteElo "2400"]
[BlackElo "2440"]

1.e4 c5 2.Nc3 Nc6 3.Nf3 g6 4.Bb5 Bg7 5.O-O e5 6.Re1 Nge7 7.Nd5 O-O 8.c3 d6
9.d4 exd4 10.Nxe7+ Nxe7 11.cxd4 cxd4 12.Bg5 h6 13.Bh4 g5 14.Bg3 Ng6 15.Qd2 g4
16.Nxd4 Qb6 17.Rad1 Bxd4 18.Qxh6 Bg7 19.Qh5 Be5 20.Bc4 Kg7 21.Rd3 Qc7 22.Bb3 Qe7
23.Bxe5+ dxe5  0-1

[Event "Leeuwarden op"]
[Site "Leeuwarden"]
[Date "1995.??.??"]
[Round "9"]
[White "Vydeslaver, Alik"]
[Black "Chernyshov, Konstantin"]
[Result "1-0"]
[WhiteElo "2445"]
[BlackElo "2505"]

1.e4 c5 2.Nf3 Nc6 3.Nc3 Nf6 4.Bb5 Nd4 5.e5 Nxb5 6.Nxb5 Nd5 7.O-O Nc7 8.Nxc7+ Qxc7
9.d4 cxd4 10.Qxd4 b6 11.Rd1 Bb7 12.Rd3 e6 13.Rc3 Bc6 14.Qg4 Qb7 15.Nd4 Bd5
16.Nb5 Bc6 17.a4 h5 18.Qg5 Rh6 19.Nd6+  1-0

[Event "Leeuwarden op"]
[Site "Leeuwarden"]
[Date "1995.??.??"]
[Round "9"]
[White "Reinderman, Dimitri"]
[Black "Horvath, Jozsef"]
[Result "1/2-1/2"]
[WhiteElo "2455"]
[BlackElo "2510"]

1.e4 c5 2.Nc3 Nc6 3.Nge2 e6 4.g3 d5 5.exd5 exd5 6.Bg2 d4 7.Nd5 Nge7 8.Nef4 Nxd5
9.Nxd5 Bd6 10.O-O O-O 11.d3  1/2-1/2

[Event "Linares zt"]
[Site "Linares"]
[Date "1995.??.??"]
[Round "5"]
[White "Hebden, Mark"]
[Black "Sosonko, Gennadi"]
[Result "1/2-1/2"]
[WhiteElo "2570"]
[BlackElo "2525"]

1.e4 c5 2.Nc3 Nc6 3.Bb5 Nd4 4.Bc4 g6 5.Nge2 Bg7 6.O-O e6 7.d3 Ne7 8.Bg5 O-O
9.a4 h6 10.Bf4 d5 11.exd5 exd5 12.Ba2 Ne6 13.Bd2 b6 14.Nf4 Nxf4 15.Bxf4 Be6
16.Re1 Nc6 17.Nb5 Rc8 18.c3 a6 19.Na3 Qd7 20.Qb3 Qa7 21.Qc2 Rfe8 22.Qd2 Kh7
23.Re2 Qd7 24.Rae1 Na5 25.Qd1 Bg4 26.f3 Rxe2 27.Qxe2 Bf5 28.g4 Be6 29.Be5 Nc6
30.Bxg7 Kxg7 31.d4 cxd4 32.cxd4 Qd6 33.Nc2 a5 34.Qd2 Qd8 35.Bb3 Qh4 36.Qf2 Qf6
37.Qe3 Qh4 38.Rd1 Qf6 39.Ne1 g5 40.Bc2 h5 41.h4 hxg4 42.hxg5 Qe7 43.f4 Bf5
44.Qf2 Be4 45.Bxe4 Qxe4 46.Ng2 Rh8 47.Qe3 Re8 48.Qxe4 Rxe4 49.Kf2 Rxd4 50.Rxd4 Nxd4
51.Kg3  1/2-1/2

[Event "Lippstadt"]
[Site "Lippstadt"]
[Date "1995.??.??"]
[Round "1"]
[White "Matthias, Heiner"]
[Black "Schlosser, Philipp"]
[Result "1/2-1/2"]
[WhiteElo "2330"]
[BlackElo "2500"]

1.e4 c5 2.Nc3 Nc6 3.Nge2 g6 4.d4 cxd4 5.Nxd4 Bg7 6.Be3 Nf6 7.Bc4 d6 8.f3 Qb6
9.Nf5 Qxb2 10.Nxg7+ Kf8 11.Nd5 Nxd5 12.Bxd5 Kxg7 13.O-O Qc3 14.Re1 Qa5 15.Qc1 h5
16.Rb1 Qc7 17.f4 f6 18.Qb2 b6 19.e5 Bb7 20.exf6+ exf6 21.c4 Rhe8 22.Bf2 Qd7
23.Bh4 Qf5 24.Qd2 Na5 25.Rxe8 Rxe8 26.Re1 Rxe1+ 27.Qxe1 Bxd5 28.cxd5 Qd7
29.Qc3 Qe7 30.f5 Qe5 31.Qc7+ Kh6 32.h3 Qd4+ 33.Bf2 Qd1+ 34.Kh2 Qxd5 35.Qb8 gxf5
36.Qxa7 Nc4 37.Bxb6 f4 38.Bf2 Qd2 39.Qd4 Qxd4  1/2-1/2